| 000 | 00700cam a2200229 4500 | ||
|---|---|---|---|
| 001 | ABS65885 | ||
| 008 | 020910n2002 000 0 eng u | ||
| 035 | _a(Sirsi) u119634 | ||
| 100 | _aHall, J. | ||
| 245 | _aPainful remedy for future gain | ||
| 260 | _c2002 | ||
| 490 |
_aLandowning in Scotland _v(270) August/September 2002, 19-20(2) |
||
| 520 | _aDescribes the Mid Term Review (MTR) of the Common Agricultural Policy (CAP), designed to make this body of policy less inefficient and cumbersome. | ||
| 590 | _aABS | ||
| 650 | _aCAP | ||
| 650 | _aCOMMON AGRICULTURAL POLICY | ||
| 650 | _aFARMING | ||
| 650 | _aMODULATION | ||
| 650 | _aSCOTLAND | ||
| 690 |
_aRural _96268 |
||
| 942 | _n0 | ||
| 999 |
_c71114 _d71114 |
||